000 00619nam a22002177a 4500
003 OSt
005 20161010180115.0
008 161010b xxu||||| |||| 00| 0 eng d
020 _a9781118808559
040 _cDDC
082 _a004 RAI 2015
100 _aRainer, R. Kelly; Prince, Brad; Cegielski, Casey
_911172
245 _aIntroduction to Information Systems
250 _a5th ed.
260 _aSingapore; John Wiley, 2015
300 _axv,408p; col.ill: 26cm
504 _aGlossary, & index included
650 _aInformation systems
_92356
650 _aInformation Technology
_95622
942 _2ddc
_cB_BANK
999 _c5330
_d5330